Państwa Półwyspu Arabskiego po zdjęciu stolicy - Statystyki

Ogólne statystyki
  • Ten quiz został rozwiązany 7 razy
  • Średni wynik to 6 z 8
Statystyki odpowiedzi
Obrazkowy Odpowiedź % Poprawnych
Katar
100%
Zjednoczone Emiraty Arabskie
100%
Jemen
83%
Kuwejt
67%
Oman
67%
Arabia Saudyjska
50%
Irak
50%
Jordania
50%
Nie znaleziono quizów pasujących do podanych kryteriów
Rozkład punktacji
Procent ludzi z każdym wynikiem
Percentyl według liczby udzielonych odpowiedzi
Twoja historia wyników
Nie rozwiązałeś tego quizu